| Поле | Инд. | ПП | Название | Значение |
|---|---|---|---|---|
| Тип записи | a | |||
| Библиографический уровень | m | |||
| 001 | Контрольный номер | 05809689-5164-4c52-ac48-f89f3956a948 | ||
| 005 | Дата корректировки | 20140703152818.6 | ||
| 008 | Кодируемые данные | 070306 | ||
| 020 | c | Цена, тираж | б/ц | |
| 040 | a | Служба первич. каталог. | НБ ТвГУ | |
| 041 | a | Код языка текста | rus | |
| 080 | a | Индекс УДК | 81'367(043.3) | |
| a | Индекс УДК | 81'367.634/.635(043.3) | ||
| 084 | a | Индекс другой классификации/Индекс ББК | Ш102.2я031 | |
| a | Индекс другой классификации/Индекс ББК | Ш102.128я031 | ||
| 090 | x | Авторский знак | М15 | |
| a | Полочн. индекс | Ш102.2 | ||
| 100 | 1_ | a | Автор | Макаренко Ангелина Васильевна |
| 245 | 10 | a | Заглавие | Союзы-частицы как средство установления синтаксической связности и семантической квалификации |
| b | Продолж. заглавия | автореф. дис. ... канд. филол. наук : 10.02.19 | ||
| 260 | 0_ | a | Место издания | Ставрополь |
| b | Издательство | Ставроп. гос. ун-т | ||
| c | Дата издания | 2006 | ||
| 300 | a | Объем | 20 с. | |
| 500 | a | Примечание | На правах рукоп. | |
| 504 | a | Библиография | Библиогр.: с. 20. | |
| 583 | a | Действие | Получение впервые 43 05.03.2007 | |
| 650 | a | Основная рубрика | Языкознание | |
| x | Основная подрубрика | Синтаксис | ||
| x | Основная подрубрика | Грамматика | ||
| x | Основная подрубрика | Части речи | ||
| x | Основная подрубрика | Союзы-частицы | ||
| 653 | a | Ключевые слова | Языкознание | |
| a | Ключевые слова | Грамматика | ||
| a | Ключевые слова | Синтаксис | ||
| a | Ключевые слова | Части речи | ||
| a | Ключевые слова | Союзы-частицы | ||
| a | Ключевые слова | Авторефераты | ||
| 852 | t | Порядковый номер экземпляра | 1 | |
| p | Инвентарный номер | б/н | ||
| 888 | a | Бесплатные | ||
| 930 | a | Новая/Ретро | авторефераты | |
| 952 | p | 43.2007 б/ц 1 б/н | ||
| c | Вид литературы | А/Р н | ||
| 954 | a | Дата поступления на обработку | 20070319 | |
| 999 | a | Подразделение 2 | ч.з. |